Odškodňovanie obetí trestných činov v Slovenskej republike v kontexte plnenia medzinárodných záväzkov

Bibliographic Details
Main Author: Kadlečík, Branislav (Author)
Format: Article
Language:Slovak
ISSN:1335-6461
Subjects:

MARC

LEADER 00000nab a2200000 a 4500
001 vtls009288001
003 SK-MaSNL
005 20260426085023.0
008 250506c2008 xo |r|p|||||||000 b|slo
015 |a SNBRB2008/04  |2 snkbucl 
035 |a (uuid)c82c9fa8-9dfb-4e84-8fe8-6644a172fc94 
035 |a urn:nbn:sk:snk-ab129u 
035 |a (urnnbn)urn:nbn:sk:snk:ar-003kz7 
038 |a SNKBUCL 
040 |a SNKBUCL  |b slo  |c SNKBUCL  |e AACR2 
041 0 |a slo 
044 |a xo  |c SK 
080 |a 347.426  |2 2001 
080 |a 343  |2 2001 
100 1 |a Kadlečík, Branislav  |4 aut  |9 1473656 
245 1 0 |a Odškodňovanie obetí trestných činov v Slovenskej republike v kontexte plnenia medzinárodných záväzkov  |c Branislav Kadlečík 
504 |a Bibliogr. odkazy 
650 0 7 |a obete trestných činov  |2 snkbucl  |9 4546 
650 0 7 |a odškodňovanie obetí  |2 snkbucl  |9 1475401 
651 7 |a Slovensko  |2 snkbucl  |9 14231 
773 0 |t Justičná revue  |g Roč. 60, č. 3 (2008), s. 417-426  |x 1335-6461 
850 |a Slovenská národná knižnica 
852 |a Slovenská národná knižnica 
954 |a odborná, vedecká literatúra pôvodná (slovenská)  |2 lita 
958 |a article27 
958 |a OND 
958 |a SK 
958 |a NB 
958 |a EUIPO 
999 |c 2951329  |d 2953259